La crisis, la izquierda y la confusión ideológica / (Record no. 16512)

MARC details
000 -LEADER
campo de control de longitud fija 01526cam a2200361 a 4500
001 - NÚMERO DE CONTROL
campo de control 100698
005 - FECHA Y HORA DE LA ÚLTIMA TRANSACCIÓN
campo de control 20230410101949.0
008 - DATOS DE LONGITUD FIJA--INFORMACIÓN GENERAL
campo de control de longitud fija 860109s1980 dr a 000 0 spa d
010 ## - NÚMERO DE CONTROL DE LA BIBLIOTECA DEL CONGRESO
Número de control de LC 94176244
035 ## - NÚMERO DE CONTROL DEL SISTEMA
Número de control de sistema (OCoLC)ocm12993611
040 ## - FUENTE DE CATALOGACIÓN
Centro catalogador/agencia de origen FU
Centro/agencia transcriptor FUG
Centro/agencia modificador DLC
029 1# - OTRO NÚMERO DE CONTROL DE SISTEMA (OCLC)
Identificador de la biblioteca OCLC AU@
Número de control de sistema 000011261020
035 ## - NÚMERO DE CONTROL DEL SISTEMA
Número de control de sistema (OCoLC)12993611
042 ## - CÓDIGO DE AUTENTICACIÓN
Código de autenticación lccopycat
043 ## - CÓDIGO DE ÁREA GEOGRÁFICA
Código de área geográfica nwdr---
-- n-us---
050 14 - SIGNATURA TOPOGRÁFICA DE LA BIBLIOTECA DEL CONGRESO
Número de clasificación 118 F 1938.55
Número de ítem V182c 1980
100 1# - ENTRADA PRINCIPAL--NOMBRE DE PERSONA
Nombre de persona Vallejo
Forma completa/desarrollada del nombre (Augusto Vallejo)
245 13 - MENCIÓN DEL TÍTULO
Título La crisis, la izquierda y la confusión ideológica /
Mención de responsabilidad, etc. Vallejo, Hernández, García.
250 ## - MENCION DE EDICION
Mención de edición [2a ed.].
260 ## - PUBLICACIÓN, DISTRIBUCIÓN, ETC.
Lugar de publicación, distribución, etc. [Dominican Republic] :
Nombre del editor, distribuidor, etc. Ediciones Socialistas,
Fecha de publicación, distribución, etc. [1980?]
300 ## - DESCRIPCIÓN FÍSICA
Extensión 87 p. :
Otras características físicas ill. ;
Dimensiones 18 cm.
505 0# - NOTA DE CONTENIDO CON FORMATO
Nota de contenido con formato La crisis, la izquierda y la confusiòn ideològica / por Augusto Vallejo -- Dictadura burguesa fascista o "democrática" / por Alexis Hernández -- La polìtica exterior de Carter y la crisis dominicana / por David Garcìa -- La crisis actual / por David Garcìa -- La Segunda Conferencia del MLN-Corecato se pronuncia sobre las elecciones del 16 de mayo -- Respetemos la voluntad popular y rechacemos el fraude!
651 #0 - PUNTO DE ACCESO ADICIONAL DE MATERIA--NOMBRE GEOGRÁFICO
Nombre geográfico Dominican Republic
Subdivisión general Politics and government
Subdivisión cronológica 1961-
610 20 - PUNTO DE ACCESO ADICIONAL DE MATERIA--NOMBRE DE ENTIDAD CORPORATIVA
Nombre de entidad corporativa o nombre de jurisdicción como elemento de entrada Partido Revolucionario Dominicano.
651 #0 - PUNTO DE ACCESO ADICIONAL DE MATERIA--NOMBRE GEOGRÁFICO
Nombre geográfico United States
Subdivisión general Foreign relations.
651 #4 - PUNTO DE ACCESO ADICIONAL DE MATERIA--NOMBRE GEOGRÁFICO
Nombre geográfico 20151000
700 1# - ENTRADA AGREGADA--NOMBRE PERSONAL
Nombre de persona Hernández,
Forma completa/desarrollada del nombre (Alexis)
700 1# - ENTRADA AGREGADA--NOMBRE PERSONAL
Nombre de persona García,
Forma completa/desarrollada del nombre (David).
710 2# - ENTRADA AGREGADA--NOMBRE DE ENTIDAD CORPORATIVA
Nombre de entidad corporativa o nombre de jurisdicción como elemento de entrada Movimiento de Liberaciòn Nacional (CORECATO)
942 ## - ELEMENTOS DE ENTRADA SECUNDARIOS (KOHA)
Fuente del sistema de clasificación o colocación Clasificación de Library of Congress
Tipo de ítem Koha
994 ## -
-- C0
-- DRFGD
946 ## - PROCESAMIENTO DE INFORMACIÓN LOCAL (OCLC)
a JPR
Holdings
Estatus retirado Estado de pérdida Fuente del sistema de clasificación o colocación Estado de daño No para préstamo Colección Biblioteca de origen Biblioteca actual Ubicación en estantería Fecha de adquisición Serial enumeration / chronology Signatura topográfica completa Código de barras Visto por última vez Copia número Tipo de ítem Koha
    Clasificación de Library of Congress     Recursos Regionales Biblioteca Juan Bosch Biblioteca Juan Bosch Recursos Regionales (2do. Piso) 10/04/2023 1 118 F 1938.55 V182c 1980 00000093357 23/10/2018 1